000 00284nam a2200133Ia 4500
008 090707b ii f a fnsan d
100 _aSingh, Pritpal
_94902
245 _aSassi Hashim Shah
260 _aPatiala
260 _bSangam
260 _c0
300 _a168p
942 _cBK
999 _c27199
_d27199